000 00493cam a2200181 a 4500
020 _a1555876749
040 _cDLC
082 _a338 LYN 1997 C165 CO.
100 1 _aSumberg, J. E
245 1 0 _aFarmers' experiments :
_bcreating local knowledge /
260 _aBoulder, Colo. :
_bLynne Rienner Publishers,
_c1997
300 _axii, 186 p. :
_bill. ;
_c24 cm
650 0 _aAgriculture
650 0 _aFarms, Small
650 0 _aAgricultural extension work
700 1 _aOkali, C
942 _cEK
999 _c19225
_d19225